Toutes les attaques de Noarfang - Statistiques

Statistiques générales
  • Ce quiz a été pris 4 fois
  • Le résultat moyen est 60 sur 96
Statistiques - réponses
Type de quiz Puissance Attaque % Correct
Normal STATUT Abri
100%
Vol 60 Aéropique
100%
Vol STATUT Atterrissage
100%
Normal 90 Bélier
100%
Normal 40 Charge
100%
Psy 50 Choc Mental
100%
Normal STATUT Clairvoyance
100%
Normal STATUT Clonage
100%
Normal 120 Damoclès
100%
Vol STATUT Danse Plumes
100%
Combat STATUT Détection
100%
Vol 40+ Double Volée
100%
Psy 80 Extrasenseur
100%
Normal 150 Giga Impact
100%
Normal STATUT Grimace
100%
Psy STATUT Hypnose
100%
Vol 75 Lame d'Air
100%
Vol STATUT Mimique
100%
Spectre ? Ombre Nocturne
100%
Spectre STATUT Onde Folie
100%
Vol 35 Picpic
100%
Psy STATUT Protection
100%
Psy 90 Psyko
100%
Psy 80 Psykoud'Boul
100%
Normal 60 Puissance Cachée
100%
Psy 65 Rafale Psy
100%
Vol 120 Rapace
100%
Normal STATUT Regard Noir
100%
Normal STATUT Rugissement
100%
Poison STATUT Toxik
100%
Normal 150 Ultralaser
100%
Vol STATUT Vent Arrière
100%
Vol 110 Vent Violent
100%
Vol 55 Acrobatie
50%
Normal STATUT Affilage
50%
Acier 70 Ailes d'Acier
50%
Psy STATUT Amnésie
50%
Vol STATUT Anti-Brume
50%
Normal STATUT Attraction
50%
Spectre 80 Ball'Ombre
50%
Normal STATUT Blabla Dodo
50%
Normal STATUT Boost
50%
Normal 90 Brouhaha
50%
Glace STATUT Buée Noire
50%
Feu 95 Canicule
50%
Normal 60 Chant Canon
50%
Normal STATUT Copie
50%
Sol 20 Coud'Boue
50%
Vol 60 Cru-Ailes
50%
Normal STATUT Cyclone
50%
Eau STATUT Danse Pluie
50%
Spectre STATUT Dépit
50%
Psy 100 Dévorêve
50%
Normal ? Don Naturel
50%
Normal 40 Echo
50%
Normal 70 Façade
50%
Ténèbres 60 Feinte
50%
Normal STATUT Flash
50%
Psy 20 Force Ajoutée
50%
Normal 70 Force Cachée
50%
Normal ? Frustration
50%
Normal STATUT Grincement
50%
Psy STATUT Hâte
50%
Ténèbres STATUT Machination
50%
Spectre STATUT Malédiction
50%
Normal 90 Mégaphone
50%
Dragon 40 Ouragan
50%
Vol 60 Picore
50%
Vol 140 Piqué
50%
Normal 85 Plaquage
50%
Psy STATUT Plénitude
50%
Fée 95 Pouvoir Lunaire
50%
Psy 120 Prescience
50%
Normal STATUT Reflet
50%
Normal STATUT Rengorgement
50%
Psy STATUT Repos
50%
Normal ? Retour
50%
Normal 50 Ronflement
50%
Normal STATUT Séduction
50%
Psy 120 Synchropeine
50%
Normal STATUT Ténacité
50%
Normal 80 Téra Explosion
50%
Normal STATUT Ultrason
50%
Normal STATUT Vantardise
50%
Spectre 60 Vent Mauvais
50%
Vol 90 Vol
50%
Feu STATUT Zénith
50%
Spectre STATUT Cauchemar
0%
Psy 75 Dissonance Psy
0%
Psy STATUT Echange
0%
Psy STATUT Echange Psy
0%
Ténèbres 60 Larcin
0%
Psy STATUT Possessif
0%
Normal STATUT Recyclage
0%
Psy STATUT Reflet Magik
0%
Insecte 60 Vent Argenté
0%
Aucun quiz correspondant
Distribution des résultats
% des personnes avec chaque résultat
Percentile par nombre de réponses
Votre historique - résultats
Vous n’avez pas pris ce quiz